00635nam a2200241 a 4500001001300000003000900013005001700022008004100039020001000080082001300090100001600103245002700119260003700146300000900183500003500192505001000227650001700237700001600254902000800270942000700278952009300285999001500378nice12345678IN_TiNIC20260116012117.0050524s1905 lona grp 000 0 eng  ac10000a201bTUR aTurton, W H aTruth of Christianity. aLondonbDarton and Longmanc1905 a529p aincludes index and biblioraphy2 aIndex aChristianity1 aTurton, W H bSRS cBK 00104070aHMIbHMId2007-06-13g100.00l0o201 TURp8460r2007-06-13w2026-01-16yARB c5682d5682